• 首页
  • 本馆介绍
  • 公告通知
  • 最新文献
  • 馆藏检索
  • 电子资源
  • 读者导购
  • 参考咨询
  • 我的图书馆
  • 登录
  • 详细信息显示
  • 放入我的书架
  • 预约/预借图书
  • 作者相关作品
  • 分类相关作品
  • 丛书相关作品
  • 出版社相关作品

书目信息

  • 表格格式
  • 工作单格式
  • 卡片格式
题名:
室内设计手绘表现
    
 
作者: 金斯利 著 ;陈岩 , 胡沈健 , 郭斐 译著
分册:  
出版信息: 大连   大连理工大学出版社  2017.3
页数: 184页
开本: 26cm
丛书名:
单 册:
中图分类: TU204.11
科图分类:
主题词: 室内装饰设计--绘画技法
电子资源:
ISBN: 978-7-5685-0655-7
000 01253nam0 2200277 450
001 0400003591
005 20171022102846.0
010    @a978-7-5685-0655-7@dCNY48.00
100    @a20170524d2017 em y0chiy50 ea
101 1  @achi@ceng
102    @aCN@b210000
105    @aa z 000yy
106    @ar
200 1  @a室内设计手绘表现@9shi nei she ji shou hui biao xian@e线稿与马克笔技法@dHand drafting for interior design@ediana bennett wirtz kingsley@f(美)戴安娜·贝内特·维尔茨·金斯利著@g陈岩,胡沈健,郭斐译著@zeng
210    @a大连@c大连理工大学出版社@d2017.3
215    @a184页@c图@d26cm
330    @a本书通过理论和实例的结合,对室内设计手绘进行系统化阐述,论述相关概念和设计方法、实践策略。重点内容是黑白和灰度中的二维图纸,结合草图迅速表达设计观点。马克笔被用于展示建筑草图和设计图纸中不同灰度的层次,通过增加图纸的灰度层次可以非常简单的提高画面效果。
510 1  @aHand drafting for interior design@ediana bennett wirtz kingsley@zeng
606 0  @a室内装饰设计@x绘画技法
690    @aTU204.11@v5
701  0 @c(美)@a金斯利@9jin si li@4著
702  0 @a陈岩@9chen yan@c(设计)@4译著
702  0 @a胡沈健@9hu shen jian@4译著
702  0 @a郭斐@9guo fei@c(设计)@4译著
801  0 @aCN@b91MARC@c20171022
905    @b1036311-5@dTU204.11@f5@e1267
    
    室内设计手绘表现:线稿与马克笔技法=Hand drafting for interior design:diana bennett wirtz kingsley/(美)戴安娜·贝内特·维尔茨·金斯利著/陈岩,胡沈健,郭斐译著.-大连:大连理工大学出版社,2017.3
    184页:图;26cm
    
    
    ISBN 978-7-5685-0655-7:CNY48.00
    本书通过理论和实例的结合,对室内设计手绘进行系统化阐述,论述相关概念和设计方法、实践策略。重点内容是黑白和灰度中的二维图纸,结合草图迅速表达设计观点。马克笔被用于展示建筑草图和设计图纸中不同灰度的层次,通过增加图纸的灰度层次可以非常简单的提高画面效果。
●
相关链接 在E读中查询图书 在五车中查询图书 在当当中查询图书 在豆瓣中查询图书


正题名:室内设计手绘表现     索取号:TU204.11/1267         预约/预借

序号 登录号 条形码 馆藏地/架位号 状态 备注
1 1036311   210363113   第二样本阅览室/ [索取号:TU204.11/1267] 在馆    
2 1036312   210363122   密集书库-生命科学系/ [索取号:TU204.11/1267] 在馆    
3 1036313   210363131   第三借阅区/ [索取号:TU204.11/1267] 在馆    
4 1036314   210363140   第三借阅区/ [索取号:TU204.11/1267] 在馆    
5 1036315   210363159   第三借阅区/ [索取号:TU204.11/1267] 在馆    
唐山师范学院图书馆 欢迎您!
大连网信软件有限公司© 版权所有